Countries Closest to the Maldives - Statistics

General Stats
  • This quiz has been taken 1,034 times
  • The average score is 17 of 20
Answer Stats
km country miles % Correct
607 India 377
100%
760 Sri Lanka 472
97%
2248 Pakistan 1397
96%
2371 Oman 1473
92%
2286 Yemen 1420
91%
2663 Iran 1655
90%
2671 Saudi Arabia 1660
89%
2619 Burma 1628
87%
2391 Indonesia 1486
87%
2776 Nepal 1725
87%
2579 Bangladesh 1602
86%
2853 United Arab Emirates 1773
85%
2961 Malaysia 1840
84%
2770 Thailand 1721
84%
3016 Bhutan 1874
83%
2958 Afghanistan 1838
81%
2536 Somalia 1576
79%
2955 China 1836
78%
2173 Seychelles 1350
77%
2855 Ethiopia 1774
59%
No matching quizzes found
Score Distribution
Percent of People with Each Score
Percentile by Number Answered
Your Score History
You have not taken this quiz